| 000 | 00632nam a2200193Ia 4500 | ||
|---|---|---|---|
| 003 | IN-BaIIA | ||
| 008 | 211028s9999 xx 000 0 eng d | ||
| 040 | _cIIA Library | ||
| 080 |
_a083.7:69.024.155 _bISI |
||
| 110 | _aIndian Standards Institution | ||
| 245 | 0 |
_aIndian standard code of practice for laying of asbestos cement sheets _bpt. 1, corrugated sheets _cIndian Standards Institution |
|
| 260 |
_aNew Delhi _bIndian Standards Institution _c1965 |
||
| 300 | _a26p. | ||
| 500 | _aIS 3007 : Part 1 : 1964 | ||
| 650 |
_a Asbestos cement sheets _98835 |
||
| 650 | _a Standards | ||
| 650 | _aNASA thesaurus | ||
| 942 | _cBK | ||
| 999 |
_c4934 _d4934 |
||